ბათუმის შოთა რუსთაველის სახელმწიფო უნივერსიტეტის ბიბლიოთეკა

სტატისტიკა ეკონომიკასა და ბიზნესში (ნაწილი 1) (ბიბ.ჩანაწერი № 34930)

000 -LEADER
fixed length control field 01036nam a2200253Ia 4500
001 - CONTROL NUMBER
control field 758
003 - CONTROL NUMBER IDENTIFIER
control field GE_BSU
008 - FIXED-LENGTH DATA ELEMENTS--GENERAL INFORMATION
fixed length control field 181216s||||||||xx |||||||||||||| ||und||
020 ## - INTERNATIONAL STANDARD BOOK NUMBER
International Standard Book Number 9789941408113
040 ## - CATALOGING SOURCE
Transcribing agency GE_BSU
080 ## - UNIVERSAL DECIMAL CLASSIFICATION NUMBER
Universal Decimal Classification number 31+33(075.8)+31+338.22(075.8)
100 ## - MAIN ENTRY--PERSONAL NAME
Personal name ბაკურაძე, აკაკი. ვირსალაძე,ნაირა.
245 ## - TITLE STATEMENT
Title სტატისტიკა ეკონომიკასა და ბიზნესში (ნაწილი 1)
245 ## - TITLE STATEMENT
Remainder of title ქუთაისის აკაკი წერეთლის სახ. უნ–ტი
245 ## - TITLE STATEMENT
Statement of responsibility, etc. რედ.ნინო აბესაძე
260 ## - PUBLICATION, DISTRIBUTION, ETC.
Place of publication, distribution, etc. ქუთაისი
260 ## - PUBLICATION, DISTRIBUTION, ETC.
Name of publisher, distributor, etc. აკ.წერეთლის სახ. უნ–ტის გამ–ბა
260 ## - PUBLICATION, DISTRIBUTION, ETC.
Date of publication, distribution, etc. 2008
300 ## - PHYSICAL DESCRIPTION
Extent 231გვ.
653 ## - INDEX TERM--UNCONTROLLED
Uncontrolled term სტატისტიკა
653 ## - INDEX TERM--UNCONTROLLED
Uncontrolled term სტატისტიკა ეკონომიკასა და ბიზნესში
942 ## - ADDED ENTRY ELEMENTS (KOHA)
Koha item type წიგნი
ეგზემპლარები
Withdrawn status Lost status Damaged status Not for loan Date acquired Barcode Date last seen Price effective from Koha item type
        2018-12-17 1075 2018-12-17 2018-12-17 წიგნი